Citrus Fruits - Sudden Death - Statistics

General Stats
  • This quiz has been taken 286 times
  • The average score is 7 of 16
Answers on the Grid
Answers color-coded by a green-red scale on the quiz's grid according to % correct below.
Apple
Avocado
Banana
Bergamot
Citron
Clementine
Durian
Grape
Grapefruit
Jackfruit
Kabosu
Kumquat
Lemon
Lime
Mandarin
Mango
Nectarine
Orange
Papaya
Papeda
Peach
Pear
Pineapple
Pomegranate
Pomelo
Raspberry
Satsuma
Star fruit
Strawberry
Tangelo
Tangerine
Yuzu
 
Answer Stats
Answer % Correct
Orange
70%
Lime
68%
Lemon
65%
Citron
61%
Mandarin
61%
Grapefruit
60%
Clementine
59%
Tangerine
58%
Pomelo
45%
Satsuma
38%
Tangelo
38%
Kumquat
35%
Yuzu
34%
Bergamot
23%
Kabosu
16%
Papeda
16%
No matching quizzes found
Score Distribution
Percent of People with Each Score
Percentile by Number Answered
Your Score History
You have not taken this quiz